Los genios de la pintura De Chirico (Record no. 687)

MARC details
000 -LEADER
campo de control de longitud fija 00554nam a22001697a 4500
008 - DATOS DE LONGITUD FIJA--INFORMACIÓN GENERAL
campo de control de longitud fija 150612b xxu||||| |||| 00| 0 eng d
020 ## - NÚMERO INTERNACIONAL ESTÁNDAR DEL LIBRO
Número Internacional Estándar del Libro 847291187
020 ## - NÚMERO INTERNACIONAL ESTÁNDAR DEL LIBRO
Número Internacional Estándar del Libro 8472912353
082 ## - NÚMERO DE LA CLASIFICACIÓN DECIMAL DEWEY
Número de clasificación 759.5
Número de ítem T 176g
100 ## - ENTRADA PRINCIPAL--NOMBRE DE PERSONA
Nombre de persona Taramelli, E.; De Chirico, Giorgio
9 (RLIN) 3092
245 ## - MENCIÓN DEL TÍTULO
Título Los genios de la pintura De Chirico
Resto del título Gran Biblioteca Sarpe
260 ## - PUBLICACIÓN, DISTRIBUCIÓN, ETC.
Lugar de publicación, distribución, etc. Madrid
Nombre del editor, distribuidor, etc. Sarpe S.A.
Fecha de publicación, distribución, etc. 1979
300 ## - DESCRIPCIÓN FÍSICA
Extensión 29 p.
Otras características físicas ill. (col)
Dimensiones 23x29.5 cm
600 ## - PUNTO DE ACCESO ADICIONAL DE MATERIA--NOMBRE DE PERSONA
Nombre de persona De Chirico, Giorgio
Fechas asociadas al nombre 1888-1978
9 (RLIN) 3093
650 ## - PUNTO DE ACCESO ADICIONAL DE MATERIA--TÉRMINO DE MATERIA
Subdivisión general Pintura-Italia
-- Surrealismo
9 (RLIN) 3094
700 ## - ENTRADA AGREGADA--NOMBRE PERSONAL
Nombre de persona De Chirico, Giorgio
9 (RLIN) 3095
Holdings
Estatus retirado Estado de pérdida Fuente del sistema de clasificación o colocación Estado de daño No para préstamo Biblioteca de origen Biblioteca actual Ubicación en estantería Fecha de adquisición Total de préstamos Signatura topográfica completa Código de barras Visto por última vez Precio de reemplazo Tipo de ítem Koha
    Clasificación Decimal Dewey     Biblioteca LadoV Biblioteca LadoV   12/06/2015   759.5 T 176g 000641 12/06/2015 12/06/2015 Material 01